[Event "World Rapid Women 2017"]
[Site "Riyadh KSA"]
[Date "2017.12.27"]
[Round "9.41"]
[White "Rapport, Jovana"]
[Black "Nakhbayeva, Guliskhan"]
[Result "1-0"]
[WhiteElo "2345"]
[BlackElo "2285"]
[EventDate "2017.12.26"]

1. Nf3 Nf6 2. g3 d5 3. Bg2 c6 4. O-O Bg4 5. c4 Nbd7 6. cxd5 cxd5 7. Qb3 e5
8. Qxb7 Bc5 9. h3 Bxf3 10. Bxf3 e4 11. Bg2 O-O 12. d3 Rb8 13. Qc6 Rc8 14.
Qa4 Qb6 15. Nc3 e3 16. f4 d4 17. Ne4 Nxe4 18. Bxe4 Nf6 19. Bf3 a5 20. a3 h5
21. b4 axb4 22. axb4 Bxb4 23. Rb1 Qe6 24. Qxb4 Qxh3 25. Bg2 Qxg3 26. Rf3
Qh4 27. Bb2 Rfd8 28. Bxd4 Ng4 29. Bxe3 Rc2 30. Bf2 Qh2+ 31. Kf1 Re8 32. Rh3
Rexe2 33. Rxh2 Rxf2+ 34. Kg1 Nxh2 35. Qb8+ Kh7 36. Be4+ g6 37. Qb3 Kg7 38.
Qd5 Ng4 39. Qd4+ Kh7 40. Qa7 Rxf4 41. Rf1 Nf2 42. Bg2 h4 43. Qe3 g5 44. d4
Kg7 45. d5 h3 46. Bxh3 Re4 47. Qg3 Nxh3+ 48. Qxh3 Ree2 49. Qf3 f5 50. d6 g4
51. Qb7+ Kg6 52. d7 Red2 53. d8=Q Rxd8 54. Qb6+ Kh5 55. Qxd8 f4 56. Qf6 1-0

[Event "World Rapid Women 2017"]
[Site "Riyadh KSA"]
[Date "2017.12.27"]
[Round "9.42"]
[White "Charkhalashvili, Inga"]
[Black "Papp, Petra"]
[Result "1-0"]
[WhiteElo "2337"]
[BlackElo "2268"]
[EventDate "2017.12.26"]

1. d4 Nf6 2. c4 g6 3. f3 d5 4. cxd5 Nxd5 5. e4 Nb6 6. Nc3 Bg7 7. Be3 O-O 8.
Be2 e5 9. d5 c6 10. dxc6 Nxc6 11. Bc5 Re8 12. Bb5 Qg5 13. Bxc6 bxc6 14. Qe2
Be6 15. h4 Qg3+ 16. Qf2 Qxf2+ 17. Kxf2 Red8 18. Nge2 Rd2 19. b3 Rad8 20.
Be3 R2d3 21. Rhd1 Bf8 22. Rxd3 Rxd3 23. Rc1 Be7 24. g3 c5 25. Nb5 Nd7 26.
Nc7 Bd6 27. Nxe6 fxe6 28. Nc3 Bf8 29. Na4 Kf7 30. Ke2 Rd6 31. Bxc5 Nxc5 32.
Rxc5 Rd7 33. Rc2 Bb4 34. Nb2 Bd6 35. Nd3 Kf6 36. Rc6 g5 37. hxg5+ Kxg5 38.
b4 h5 39. a4 Kf6 40. a5 Bf8 41. b5 Rg7 42. b6 axb6 43. axb6 Rb7 44. Nb2 Be7
45. Nc4 Bd8 46. Kf2 Ke7 47. Kg2 Kd7 48. Nxe5+ Ke7 49. Nc4 Kd7 50. Rd6+ Ke7
51. e5 Rb8 52. Kh3 Rc8 53. Na5 Bxb6 54. Rxb6 Rc5 55. Rb7+ Kf8 56. Nb3 Rxe5
57. Nd4 Ke8 58. f4 Re4 59. Nf3 Re3 60. Ne5 Re1 61. Kh4 Rh1+ 62. Kg5 Rh3 63.
Kf6 Kd8 64. Nf7+ Ke8 65. Re7+ Kf8 66. Rd7 Kg8 67. Rd8+ Kh7 68. Ng5+ 1-0

[Event "World Rapid Women 2017"]
[Site "Riyadh KSA"]
[Date "2017.12.27"]
[Round "9.43"]
[White "Ovod, Evgenija"]
[Black "Gu, Xiaobing"]
[Result "1-0"]
[WhiteElo "2158"]
[BlackElo "2332"]
[EventDate "2017.12.26"]

1. d4 Nf6 2. Bg5 d5 3. e3 c5 4. Bxf6 gxf6 5. dxc5 e6 6. c4 dxc4 7. Nd2 Bxc5
8. Bxc4 O-O 9. Qh5 Bb4 10. Nf3 Nc6 11. O-O Bxd2 12. Rad1 Qa5 13. Qg4+ Kh8
14. Nxd2 Qg5 15. Qe4 e5 16. f4 Qg6 17. f5 Qg5 18. Rf3 Rg8 19. Rf2 Qh5 20.
Be2 Qg5 21. Nc4 Qg7 22. Nd6 Rd8 23. Bc4 Rd7 24. Rfd2 h6 25. Bb5 Rb8 26. b3
Kh7 27. Bxc6 bxc6 28. Qxc6 Qh8 29. Ne4 Rxd2 30. Rxd2 Bxf5 31. Nxf6+ Kg7 32.
Rf2 Rc8 33. Nh5+ Kh7 34. Qd5 Rc1+ 35. Rf1 Rxf1+ 36. Kxf1 Bg6 37. Ng3 Qc8
38. Qxe5 Bd3+ 39. Kf2 Qc2+ 40. Kf3 Qxa2 41. Qd5 Bg6 42. h4 Kg7 43. h5 Bc2
44. Qd4+ Kh7 45. b4 Qe6 46. e4 Qe7 47. Nf5 Qg5 48. g4 Bb3 49. Kg3 a6 50.
Qe5 Be6 51. Qf4 Qxf4+ 52. Kxf4 Bb3 53. Ke5 Bc2 54. Kd4 Bd1 55. Ne3 Bf3 56.
e5 Kg7 57. Kc5 Kf8 58. Kd6 Ke8 59. e6 fxe6 60. Kxe6 Kd8 61. Kf6 Kd7 62. Kg6
Kc6 63. Kxh6 Kb5 64. g5 Kxb4 65. g6 1-0

[Event "World Rapid Women 2017"]
[Site "Riyadh KSA"]
[Date "2017.12.27"]
[Round "9.44"]
[White "Nguyen, Thi Mai Hung"]
[Black "Belenkaya, Dina"]
[Result "1/2-1/2"]
[WhiteElo "2314"]
[BlackElo "2220"]
[EventDate "2017.12.26"]

1. d4 d5 2. Bf4 Nf6 3. e3 c5 4. c3 Nc6 5. Nd2 e6 6. Bd3 Bd6 7. Bg3 Qc7 8.
dxc5 Bxg3 9. hxg3 Ne5 10. Nb3 Nfd7 11. Bb5 a6 12. Bxd7+ Bxd7 13. Nf3 Nc4
14. Qc2 O-O-O 15. O-O-O h6 16. Qe2 Na5 17. Nxa5 Qxa5 18. b4 Qa4 19. Qc2 b6
20. Qxa4 Bxa4 21. Rd4 Kb7 22. cxb6 Rc8 23. Kb2 Kxb6 24. Rc1 Bb5 25. Nd2
Rhd8 26. c4 dxc4 27. Nxc4+ Bxc4 28. Rcxc4 Rxc4 29. Rxc4 Rd2+ 30. Rc2 Rd1
31. Kc3 Rg1 32. f3 h5 33. Rd2 Kc6 34. e4 g5 35. a4 Ra1 36. Kb3 Rb1+ 37. Rb2
Rg1 38. Rc2+ Kb6 39. Kc4 Rb1 40. Rd2 Rc1+ 41. Kb3 Rb1+ 42. Kc3 Rc1+ 43. Kb2
Rg1 44. Kb3 Rb1+ 45. Rb2 Rg1 46. Kc4 Rc1+ 47. Kb3 Rg1 48. Rc2 Rb1+ 49. Kc3
Ra1 50. Kb3 Rb1+ 51. Kc4 f6 52. e5 fxe5 53. Re2 Rc1+ 54. Kb3 Rb1+ 55. Kc3
Rc1+ 56. Kb2 Rg1 57. Kc3 Rc1+ 58. Kd2 Rg1 59. g4 hxg4 60. fxg4 Kc6 61. Rxe5
Rxg2+ 62. Ke3 Rg3+ 63. Kf2 Rxg4 64. Rxe6+ Kb7 65. Re7+ Kb6 66. Re6+ Kb7 67.
Re7+ Kb6 68. Re6+ 1/2-1/2

[Event "World Rapid Women 2017"]
[Site "Riyadh KSA"]
[Date "2017.12.27"]
[Round "9.45"]
[White "Mammadzada, Gunay"]
[Black "Badelka, Olga"]
[Result "1-0"]
[WhiteElo "2254"]
[BlackElo "2156"]
[EventDate "2017.12.26"]

1. e4 c5 2. Nf3 Nc6 3. d4 cxd4 4. Nxd4 Qb6 5. Nb3 Nf6 6. Nc3 e6 7. Qe2 Bb4
8. Bd2 O-O 9. a3 Be7 10. Be3 Qc7 11. f4 d5 12. e5 Nd7 13. Nb5 Qd8 14. O-O-O
f6 15. N5d4 Nxd4 16. Nxd4 Nc5 17. exf6 Bxf6 18. g3 Bd7 19. Bg2 Rc8 20. Kb1
Qb6 21. Nb3 Ba4 22. g4 Bxb3 23. cxb3 Qxb3 24. Bxc5 Rxc5 25. g5 Bxb2 26.
Qxb2 Qa4 27. Rd4 Rc4 28. Rxc4 Qxc4 29. Ka1 Qxf4 30. Bh3 Qe3 31. Bg4 Rf2 32.
Bxe6+ Kh8 33. Rc1 Rf8 34. Bxd5 b6 35. h4 Qf4 36. Rh1 Rd8 37. Bb3 h5 38.
gxh6 Qxh6 39. Rf1 a5 40. a4 Qc6 41. Rf7 Qg6 42. h5 Qh6 43. Rb7 Rc8 44. Ka2
Rd8 45. Bc4 Qg5 46. Bb3 Qh6 47. Ka1 Rc8 48. Bf7 Qf4 49. Bb3 Qg5 50. Ka2 Qh6
51. Bc2 Qe6+ 52. Bb3 Qh6 53. Re7 Rd8 54. Re6 Qxh5 55. Rxb6 Qh4 56. Rb5 Qh6
57. Rxa5 Rd2 58. Ra8+ Kh7 59. Bc2+ g6 60. Qh8# 1-0

[Event "World Rapid Women 2017"]
[Site "Riyadh KSA"]
[Date "2017.12.27"]
[Round "9.46"]
[White "Khukhashvili, Sopiko"]
[Black "Mamedjarova, Zeinab"]
[Result "0-1"]
[WhiteElo "2370"]
[BlackElo "2303"]
[EventDate "2017.12.26"]

1. c4 f5 2. Nc3 Nf6 3. d4 g6 4. h4 Bg7 5. h5 d5 6. hxg6 hxg6 7. Rxh8+ Bxh8
8. Qd2 Bg7 9. Qg5 Kf7 10. Nf3 Nc6 11. e3 Ne4 12. Nxe4 dxe4 13. Nh4 Qd6 14.
c5 Qf6 15. Bc4+ e6 16. Qxf6+ Bxf6 17. g3 b6 18. cxb6 axb6 19. Bd2 Ba6 20.
Rc1 Bxc4 21. Rxc4 Ne7 22. Rxc7 Rxa2 23. Bc3 g5 24. Ng2 Kg6 25. Kf1 Nd5 26.
Rc6 Kf7 27. Ne1 b5 28. Nc2 Be7 29. g4 f4 30. exf4 gxf4 31. g5 Bxg5 32. Nb4
Nxb4 33. Bxb4 Rxb2 34. Bc3 Rc2 35. Rc5 Be7 36. Rc7 b4 37. Rxe7+ Kxe7 38.
Bxb4+ Kf6 39. Bd6 Kf5 40. Be5 Kg4 41. Bf6 Kf3 0-1

[Event "World Rapid Women 2017"]
[Site "Riyadh KSA"]
[Date "2017.12.27"]
[Round "9.47"]
[White "Al Durazi, Zainab Ali"]
[Black "Gara, Anita"]
[Result "0-1"]
[WhiteElo "1496"]
[BlackElo "2367"]
[EventDate "2017.12.26"]

1. e4 c5 2. Nf3 e6 3. Bc4 Nc6 4. O-O Nf6 5. d3 Be7 6. Nc3 O-O 7. Ng5 h6 8.
Nh3 d5 9. Bb3 c4 10. dxc4 d4 11. Ne2 Nxe4 12. f3 Nc5 13. a4 e5 14. c3 d3
15. Ng3 Bxh3 16. Rf2 Nxb3 17. Be3 Nxa1 18. Qxa1 Be6 19. f4 exf4 20. Rxf4
Bg5 21. Qf1 Bxf4 22. Bxf4 d2 23. Qd1 Qb6+ 24. Kh1 Rad8 25. Ne4 Bg4 26. Nf6+
gxf6 0-1

[Event "World Rapid Women 2017"]
[Site "Riyadh KSA"]
[Date "2017.12.27"]
[Round "10.1"]
[White "Pham, Le Thao Nguyen"]
[Black "Ju, Wenjun"]
[Result "0-1"]
[WhiteElo "2390"]
[BlackElo "2537"]
[PlyCount "114"]
[EventDate "2017.12.26"]
[EventType "rapid"]

1. d4 Nf6 2. Nf3 e6 3. Bf4 d5 4. e3 c5 5. c3 Nc6 6. Nbd2 Be7 7. h3 O-O 8. Bd3
c4 9. Bc2 b5 10. a3 Bb7 11. O-O (11. e4 dxe4 12. Nxe4 Nd5 13. Bh2 a5 14. O-O b4
15. axb4 axb4 16. Qe2 Ba6 17. Rfc1 g6 18. Nfd2 Na5 {Xu,Y (2516)-Yu,Y (2725)
Shenzhen 2016}) 11... a5 12. Ne5 Nd7 13. Nxd7 $146 (13. Nxc6 Bxc6 14. e4 Nb6
15. e5 b4 16. Qg4 Re8 17. Rfe1 Na4 18. Bh6 g6 19. Bxa4 Bxa4 {Fukson,S (2069)
-Palchun,G (2336) St Petersburg 2016}) 13... Qxd7 14. e4 b4 15. exd5 exd5 16.
Qh5 g6 17. Qh6 Rfe8 18. Nf3 Bf8 19. Qh4 b3 20. Bd1 f6 21. Qxf6 Bg7 22. Qh4 Qf5
23. Qg5 Qxg5 24. Bxg5 h6 25. Be3 Ne7 26. g4 g5 27. h4 gxh4 28. Nxh4 Bc8 29. Bf3
(29. f4 $5) 29... Be6 30. Rae1 Kf7 31. Kh2 Bf6 32. Kg3 (32. Nf5 $1) 32... Rh8
33. Ng2 h5 34. Nf4 $2 (34. g5 Rag8 35. Kh2 Bxg5 36. Nf4) 34... Bh4+ $1 {
A nasty trick which turns the tables completely.} 35. Kg2 ({The point was} 35.
Kxh4 hxg4+ 36. Kg3 Nf5+ 37. Kg2 Nh4+ 38. Kg3 Nxf3) 35... hxg4 36. Bd1 Bf5 37.
Kg1 Rh7 38. Ng2 Bf6 39. Bf4 Rah8 40. Ne3 Be4 41. f3 gxf3 42. Bxf3 Rg8+ 43. Ng2
Bd3 44. Rf2 Bh4 45. Bd6 Bxf2+ 46. Kxf2 Be4 47. Bxe4 dxe4 48. Bxe7 Rh2 49. Rxe4
Rhxg2+ 50. Kf1 Rxb2 51. d5 Rd2 52. d6 b2 53. Re1 Rb8 54. Rb1 Ke6 55. Re1+ Kd7
56. Rb1 Rh2 57. Kg1 Rc2 0-1

[Event "World Rapid Women 2017"]
[Site "Riyadh KSA"]
[Date "2017.12.27"]
[Round "10.2"]
[White "Goryachkina, Aleksandra"]
[Black "Danielian, Elina"]
[Result "1/2-1/2"]
[WhiteElo "2460"]
[BlackElo "2473"]
[EventDate "2017.12.26"]

1. e4 d6 2. d4 Nf6 3. Nc3 c6 4. f4 Qa5 5. Bd3 e5 6. dxe5 dxe5 7. Nf3 Bg4 8.
fxe5 Nfd7 9. e6 Bxe6 10. O-O Be7 11. Qe1 Ne5 12. Nxe5 Qxe5 13. Bf4 Qh5 14.
e5 Nd7 15. Be2 Qg6 16. Bd3 Qh5 17. Be2 Qg6 18. Bd3 Bf8 1/2-1/2

[Event "World Rapid Women 2017"]
[Site "Riyadh KSA"]
[Date "2017.12.27"]
[Round "10.4"]
[White "Guo, Qi"]
[Black "Dzagnidze, Nana"]
[Result "0-1"]
[WhiteElo "2451"]
[BlackElo "2508"]
[EventDate "2017.12.26"]

1. d4 Nf6 2. Nf3 d5 3. c4 e6 4. Nc3 Be7 5. Bg5 O-O 6. e3 h6 7. Bxf6 Bxf6 8.
Qc2 c5 9. dxc5 Qa5 10. cxd5 exd5 11. O-O-O Bxc3 12. Qxc3 Qxa2 13. Nd4 Be6
14. Bd3 Nc6 15. Kd2 Nxd4 16. exd4 Qa4 17. h4 Qd7 18. Rhe1 Rac8 19. Re5 b6
20. Ba6 Rc7 21. b4 bxc5 22. bxc5 Rb8 23. Ra1 Qd8 24. g3 Qf6 25. Ke1 Bf5 26.
f3 Re7 27. Rxe7 Qxe7+ 28. Kf2 Bc8 29. Re1 Qf8 30. Bxc8 Qxc8 31. Qa3 Qh3 32.
f4 Rb2+ 33. Kf3 Rg2 34. Re8+ Kh7 35. Qd3+ g6 0-1

[Event "World Rapid Women 2017"]
[Site "Riyadh KSA"]
[Date "2017.12.27"]
[Round "10.5"]
[White "Harika, Dronavalli"]
[Black "Lei, Tingjie"]
[Result "1/2-1/2"]
[WhiteElo "2466"]
[BlackElo "2450"]
[EventDate "2017.12.26"]

1. c4 c5 2. Nf3 Nc6 3. d4 cxd4 4. Nxd4 Nf6 5. Nc3 e6 6. Bg5 Bb4 7. Rc1 h6
8. Bxf6 Qxf6 9. e3 O-O 10. Be2 Rd8 11. O-O Nxd4 12. exd4 d5 13. cxd5 Bxc3
14. Rxc3 Rxd5 15. Qc2 Bd7 16. Bf3 Rxd4 17. Bxb7 Rd8 18. Ba6 e5 19. Bd3 e4
20. Bc4 Bf5 21. Qc1 Rd2 22. Bb3 Bg6 23. Rc6 Qg5 24. Rc5 Qf4 25. Rc8 Rxc8
26. Qxc8+ Kh7 27. Qc5 a6 28. Qc3 Rd3 29. Qc1 Rd2 30. Qc3 Rd3 31. Qc1 Qxc1
32. Rxc1 Rd2 33. Bc2 Kg8 34. b4 e3 35. Bxg6 exf2+ 36. Kf1 fxg6 37. a4 Rb2
38. Rc6 Rxb4 39. Rxa6 Rb2 40. Rxg6 Ra2 41. Ra6 h5 42. a5 Kh7 43. h3 g6 44.
g3 Kg7 45. h4 Kh7 46. Ra8 Kg7 47. a6 Kh7 48. Ra7+ Kh6 49. Kg2 g5 50. hxg5+
Kxg5 51. Ra8 Kg6 52. a7 Kg7 53. Rb8 1/2-1/2

[Event "World Rapid Women 2017"]
[Site "Riyadh KSA"]
[Date "2017.12.27"]
[Round "10.7"]
[White "Zimina, Olga"]
[Black "Atalik, Ekaterina"]
[Result "1/2-1/2"]
[WhiteElo "2376"]
[BlackElo "2389"]
[EventDate "2017.12.26"]

1. Nf3 d5 2. c4 e6 3. g3 Nf6 4. Bg2 dxc4 5. Qa4+ Nbd7 6. Qxc4 c5 7. Qb3 Be7
8. O-O O-O 9. d3 Nb6 10. Nc3 Nbd5 11. Rd1 Qb6 12. Qxb6 axb6 13. Bd2 Rd8 14.
Ne5 Bd7 15. Nxd7 Rxd7 16. Nb5 Ne8 17. a3 Bf6 18. Rab1 g6 19. Rdc1 Kg7 20.
Rc4 Nd6 21. Nxd6 Rxd6 22. Rc2 Rd7 23. h4 h5 24. Bf3 1/2-1/2

[Event "World Rapid Women 2017"]
[Site "Riyadh KSA"]
[Date "2017.12.27"]
[Round "10.8"]
[White "Tokhirjonova, Gulrukhbegim"]
[Black "Charochkina, Daria"]
[Result "1/2-1/2"]
[WhiteElo "2171"]
[BlackElo "2307"]
[EventDate "2017.12.26"]

1. e4 c6 2. d4 d5 3. e5 Bf5 4. Nf3 e6 5. Be2 Nd7 6. O-O Bb4 7. Be3 h6 8. a4
Ba5 9. c3 Ne7 10. b4 Bc7 11. a5 O-O 12. Nbd2 f6 13. exf6 Rxf6 14. Re1 Ng6
15. Bf1 Nf4 16. Bxf4 Bxf4 17. Ne5 Nxe5 18. dxe5 Rg6 19. g3 Qg5 20. Nf3 Qh5
21. Nd4 Bg4 22. Be2 Rf8 23. Bxg4 Rxg4 24. Nxe6 Bxg3 25. fxg3 Rf2 26. Kxf2
Qxh2+ 27. Ke3 Rxg3+ 28. Qf3 Rxf3+ 29. Kxf3 Qh3+ 30. Kf2 Qxe6 31. Re3 Qf5+
32. Ke2 Qg4+ 33. Kf2 Qf5+ 34. Ke2 Qg4+ 35. Kf2 Qe6 36. Rg1 g5 37. Ke2 d4
38. cxd4 Qc4+ 39. Kf2 Qxd4 40. e6 Qf4+ 41. Ke2 Qh2+ 42. Kf1 Qf4+ 43. Ke2
Qc4+ 44. Kf2 Qf4+ 45. Ke2 Qh2+ 46. Kf1 Qf4+ 47. Ke2 Qc4+ 48. Kf2 Qf4+ 49.
Ke2 Qh2+ 50. Kf1 1/2-1/2

[Event "World Rapid Women 2017"]
[Site "Riyadh KSA"]
[Date "2017.12.27"]
[Round "10.9"]
[White "Girya, Olga"]
[Black "Bodnaruk, Anastasia"]
[Result "1/2-1/2"]
[WhiteElo "2390"]
[BlackElo "2480"]
[EventDate "2017.12.26"]

1. d4 Nf6 2. c4 g6 3. Nc3 Bg7 4. e4 d6 5. Be2 O-O 6. Be3 c5 7. d5 e6 8. Nf3
exd5 9. cxd5 Bg4 10. Nd2 Bxe2 11. Qxe2 Ne8 12. O-O Nc7 13. a4 Nd7 14. Nc4
Qe7 15. Bf4 Ne5 16. Bxe5 Bxe5 17. Nxe5 dxe5 18. Rfd1 Rfd8 19. a5 Ne8 20.
Nb5 a6 21. Na3 Nd6 22. Rac1 Rac8 23. Rc3 Rd7 24. Rdc1 Rdc7 25. Nc4 Nb5 26.
d6 Nxd6 27. Nb6 Nb5 28. Nxc8 Rxc8 29. Rc4 Nd4 30. Qe3 Rc6 31. Kh1 Qc7 32.
Qa3 Nb5 33. Qe3 Nd4 34. Qa3 Nb5 35. Qa4 Nd6 36. R4c2 c4 37. b3 Rc5 38. b4
Rc6 39. Qa2 b5 40. axb6 Qxb6 41. Qa5 Qxa5 42. bxa5 Rc5 43. Rd1 Nxe4 44. f3
Nf6 45. Rdc1 Rxa5 46. Rxc4 Ra2 47. R4c2 Ra3 48. Re2 Ra5 49. Kg1 Kg7 50.
Rcc2 Rb5 51. Ra2 a5 52. Ra3 Rc5 53. Rea2 e4 54. Rxa5 Rc1+ 55. Kf2 exf3 56.
Kxf3 h5 57. h3 Rd1 58. Ke2 Rd6 59. Re5 Nd7 60. Re7 Kf8 61. Re3 Nf6 62. Ra8+
Kg7 63. Ra7 Nd5 64. Rf3 Re6+ 65. Kf2 Nf6 66. Kg1 g5 67. Rf5 Kg6 68. Raa5
Ne4 69. Rfe5 Rxe5 70. Rxe5 f5 71. g4 hxg4 72. hxg4 Ng3 73. Kg2 f4 74. Re6+
Kf7 75. Re1 Kg6 76. Kf3 Kf6 77. Re8 Nf1 78. Rf8+ Ke7 79. Rh8 Ne3 80. Rh6
Kf7 81. Ra6 Kg7 82. Rb6 Kf7 83. Rc6 Kg7 84. Ra6 Kf7 85. Rb6 Nc4 86. Rb5 Kf6
87. Rf5+ Kg6 88. Rc5 Ne3 89. Rc6+ Kf7 90. Ra6 Kg7 91. Ke4 Kf7 92. Ra3 Kf6
93. Ra6+ Kf7 94. Ra7+ 1/2-1/2

[Event "World Rapid Women 2017"]
[Site "Riyadh KSA"]
[Date "2017.12.27"]
[Round "10.10"]
[White "Huang, Qian"]
[Black "Hoang, Thi Bao Tram"]
[Result "1-0"]
[WhiteElo "2453"]
[BlackElo "2291"]
[EventDate "2017.12.26"]

1. d4 d5 2. Nf3 c6 3. c4 Nf6 4. Nc3 g6 5. Bf4 Bg7 6. e3 O-O 7. Be2 Re8 8.
Qb3 e6 9. h3 Nbd7 10. O-O b6 11. Qc2 Bb7 12. cxd5 exd5 13. b4 b5 14. a4 a6
15. a5 Nh5 16. Bh2 f5 17. Rfe1 Bf6 18. Na2 Qe7 19. Rab1 Rac8 20. Nc1 Ng7
21. Nd3 Ne6 22. Rbc1 Ng5 23. Nxg5 Bxg5 24. Bf3 Qf8 25. Qb3 Kg7 26. Ne5 Nxe5
27. dxe5 Be7 28. Rb1 Bd8 29. Be2 c5 30. bxc5 Qxc5 31. Ra1 Qc3 32. Qb1 Bxa5
33. Rd1 Bb6 34. Bf3 Red8 35. Bf4 h6 36. h4 Qc2 37. Qb4 Qc5 38. Qb1 Qe7 39.
Bg3 Qe6 40. Qb3 Rc4 41. Be2 Rc5 42. Qb4 a5 43. Rxa5 Bxa5 44. Qxc5 Qb6 45.
Qe7+ Kg8 46. e6 Bc3 47. Qf7+ Kh8 48. e7 1-0

[Event "World Rapid Women 2017"]
[Site "Riyadh KSA"]
[Date "2017.12.27"]
[Round "10.11"]
[White "Cramling, Pia"]
[Black "Karavade, Eesha"]
[Result "1/2-1/2"]
[WhiteElo "2439"]
[BlackElo "2369"]
[EventDate "2017.12.26"]

1. Nf3 d5 2. d4 Nf6 3. c4 e6 4. g3 Bb4+ 5. Bd2 Bd6 6. Nc3 c6 7. Qc2 O-O 8.
e4 dxe4 9. Nxe4 Nxe4 10. Qxe4 Nd7 11. Bd3 g6 12. Bc3 Be7 13. O-O Bf6 14.
Rad1 Bg7 15. b4 Qc7 16. Rfe1 b6 17. Bd2 Bb7 18. Bf4 Qc8 19. Bd6 Re8 20. Qe3
c5 21. dxc5 bxc5 22. bxc5 Nxc5 23. Bxc5 Bxf3 24. Qxf3 Qxc5 25. Rb1 Rab8 26.
Rb5 Qa3 27. Reb1 Rxb5 28. Rxb5 Qxa2 29. Rb7 Rf8 30. c5 a5 31. c6 a4 32. Kg2
Qa1 33. c7 Qc3 34. Bb5 Qxf3+ 35. Kxf3 a3 36. Bd7 a2 37. Ra7 a1=Q 38. Rxa1
Bxa1 39. c8=Q Rxc8 40. Bxc8 Bd4 41. g4 g5 42. h3 Kf8 43. Kg3 Ke7 1/2-1/2

[Event "World Rapid Women 2017"]
[Site "Riyadh KSA"]
[Date "2017.12.27"]
[Round "10.12"]
[White "Buksa, Nataliya"]
[Black "Khotenashvili, Bela"]
[Result "0-1"]
[WhiteElo "2241"]
[BlackElo "2425"]
[EventDate "2017.12.26"]

1. d4 g6 2. Nc3 Bg7 3. e4 c6 4. Nf3 d5 5. h3 Nh6 6. Bg5 f6 7. Bf4 O-O 8.
Bd3 Nf7 9. e5 fxe5 10. dxe5 c5 11. Be2 e6 12. O-O Nc6 13. Re1 Nfxe5 14.
Bxe5 Nxe5 15. Nxe5 Bxe5 16. Bg4 Bd4 17. Bxe6+ Bxe6 18. Rxe6 Rxf2 19. Kh1
Qg5 20. Qg4 Qxg4 21. hxg4 Rd8 22. Ne2 Bg7 23. Kg1 Rf6 24. Rxf6 Bxf6 25. Rd1
b6 26. c3 Be5 27. Kf2 Kf7 28. Ng1 d4 29. Nf3 Bf6 30. cxd4 Bxd4+ 31. Nxd4
Rxd4 32. Rh1 Kg7 33. Re1 Rd2+ 34. Kf3 Kf6 35. Rb1 Kg5 36. b4 cxb4 37. Rxb4
Rxa2 38. Rb5+ Kf6 39. g5+ Ke6 40. Rb3 Ra5 41. Kg4 Re5 42. Rh3 Re4+ 43. Kf3
Ra4 44. Rxh7 Kf5 45. Rd7 Ra3+ 46. Kf2 Kxg5 47. Rd6 Kf5 48. Rc6 g5 49. Rc4
Ra2+ 50. Kf3 Ra3+ 51. Kf2 Ra5 52. Kf3 Rc5 53. Rd4 a5 54. Rd6 b5 55. Rd8 a4
56. g4+ Ke5 57. Ke3 a3 58. Rg8 Kf6 59. Ra8 b4 60. Kd4 Rc6 61. Kd3 Rb6 62.
Kc2 Ke5 63. Rf8 b3+ 64. Kb1 Rf6 65. Re8+ Kd6 66. Re1 Rf2 67. Ka1 Kd5 68.
Kb1 Kd4 69. Ka1 Kd3 70. Rg1 Ke2 71. Rb1 Rf1 0-1

[Event "World Rapid Women 2017"]
[Site "Riyadh KSA"]
[Date "2017.12.27"]
[Round "10.13"]
[White "Fataliyeva, Ulviyya"]
[Black "Tan, Zhongyi"]
[Result "1-0"]
[WhiteElo "2085"]
[BlackElo "2502"]
[EventDate "2017.12.26"]

1. e4 d6 2. d4 g6 3. Nc3 Bg7 4. Be3 a6 5. h3 b5 6. a3 Bb7 7. f4 Nd7 8. Nf3
c5 9. Be2 cxd4 10. Bxd4 Ngf6 11. e5 Nh5 12. exd6 Ndf6 13. Bc5 Qc8 14. Bb4
O-O 15. dxe7 Re8 16. O-O Nxf4 17. Bd6 N6d5 18. Nxd5 Nxd5 19. Ne5 Ne3 20.
Qd3 Nxf1 21. Bg4 Be4 22. Qxe4 Ng3 23. Qd5 Qxc2 24. Qxf7+ Kh8 25. Be6 Ne2+
26. Kh1 Bh6 27. Qg8+ Rxg8 28. Nf7+ Kg7 29. Be5# 1-0

[Event "World Rapid Women 2017"]
[Site "Riyadh KSA"]
[Date "2017.12.27"]
[Round "10.14"]
[White "Lagno, Kateryna"]
[Black "Cornette, Deimante"]
[Result "1-0"]
[WhiteElo "2590"]
[BlackElo "2320"]
[EventDate "2017.12.26"]

1. e4 Nf6 2. e5 Nd5 3. d4 d6 4. Nf3 dxe5 5. Nxe5 c6 6. Be2 Bf5 7. O-O Nd7
8. Nf3 e6 9. c4 N5f6 10. Nc3 Ne4 11. Nxe4 Bxe4 12. Re1 Be7 13. Bf1 Nf6 14.
Ne5 O-O 15. Bg5 Bf5 16. h3 Nd7 17. Bxe7 Qxe7 18. Nf3 h6 19. d5 cxd5 20.
cxd5 Qf6 21. dxe6 Bxe6 22. Nd4 Nc5 23. Nxe6 Nxe6 24. Qb3 b6 25. Rad1 Rfd8
26. Bc4 Rxd1 27. Rxd1 Rd8 28. Rxd8+ Nxd8 29. Qa4 Qe7 30. Qd1 Nc6 31. a3 Ne5
32. Ba2 Qc7 33. Qd2 Ng6 34. Qe3 Ne5 35. Bd5 Qd6 36. Qe4 Qc7 37. b4 Qc1+ 38.
Kh2 Qc7 39. g3 Qc3 40. Kg2 Qc7 41. Qf5 Qe7 42. h4 Qd6 43. Qc8+ Kh7 44. Be4+
g6 45. h5 Kg7 46. hxg6 Nxg6 47. Qb7 a5 48. bxa5 bxa5 49. a4 Qd4 50. Bxg6
Kxg6 51. Qa6+ f6 52. Qxa5 Qe4+ 53. Kg1 Qb1+ 54. Kh2 Qc2 55. Qa7 Qf5 56. Qd4
Qh5+ 57. Kg2 Qa5 58. Qg4+ Kf7 59. Qd7+ Kg6 60. Qb5 Qa8+ 61. Kg1 Qe4 62. a5
h5 63. a6 h4 64. Qb7 Qe1+ 65. Kg2 hxg3 66. Kxg3 Qe5+ 67. Kf3 Qf5+ 68. Ke3
Qc5+ 69. Kf3 Qf5+ 70. Ke2 Qc2+ 71. Ke3 Qc3+ 72. Ke4 Qc2+ 73. Kd5 Qd2+ 74.
Kc6 Qc2+ 75. Kd7 Qd3+ 76. Kc8 Qc4+ 77. Kb8 Qg8+ 78. Ka7 Qc4 79. Qb1+ Kg5
80. Qb6 Qf7+ 81. Kb8 Qe8+ 82. Kc7 Qe7+ 83. Kc6 Qe6+ 84. Kb5 Qe2+ 85. Kc6
Qe4+ 86. Kc7 Qe7+ 87. Kb8 Qe8+ 88. Ka7 Qd7+ 89. Qb7 Qd4+ 90. Kb8 Qd8+ 91.
Qc8 Qd6+ 92. Kb7 Qb4+ 93. Kc6 Qc4+ 94. Kd7 Qd5+ 95. Ke7 Qe5+ 96. Kf7 Qa5
97. Kg7 f5 98. Qc1+ f4 99. Qg1+ Kh4 100. Qh2+ Kg4 101. Qg2+ Kh4 102. Qg6
Qc7+ 103. Kh6 Kh3 104. f3 Kh2 105. Kh5 Kh3 106. Qg4+ Kh2 107. Kg5 Qa5+ 108.
Kxf4 Qxa6 109. Kg5 Qa5+ 110. Qf5 Qd8+ 111. Kg4 Qg8+ 112. Kf4 Qg3+ 113. Ke4
Qe1+ 114. Kd5 Qa5+ 115. Ke6 Qb6+ 116. Kf7 Qb3+ 117. Kg7 Qc3+ 118. Kg6 Qc6+
119. Kg5 Qe8 120. f4 Qg8+ 121. Qg6 Qd8+ 122. Qf6 Qg8+ 123. Kf5 Qd5+ 124.
Qe5 Qf7+ 125. Kg4 Qg6+ 126. Qg5 Qd3 127. f5 Qe2+ 128. Kh4 Qf3 129. Qg4 Qf2+
130. Kh5 Qc5 131. Kg6 Qf8 132. Qh4+ Kg2 133. Qe4+ Kg3 134. Qe6 Qb8 135. f6
Qb1+ 136. Kg7 Kf4 137. f7 Qg1+ 138. Qg6 Qa7 139. Kg8 Qa2 140. Kh7 Qa7 141.
Qg7 1-0